000 00774nam a2200193Ia 4500
003 0
005 20250131114212.0
008 150126s9999 xx 000 0 und d
050 _aPHS QD 418.C6
_b.C142 2014
100 _aCalara, Francheska Vittoria N.
245 _aCalamansi (Citrofortunella microcarpa) and ponkan mandarin peels as biosorbent for copper /
_cFrancheska Vittoria N. Calara.
260 _aLas PiƱas City, Philippines :
_bSouthville International School and Colleges,
_c2014.
300 _a27 pages :
_billustration ;
_c28 cm.
504 _aIncludes bibliographical references.
650 _aBiosorption
_vEnvironmental aspects.
650 _aCopper
_vEnvironmental aspects.
650 _aFruit peel waste
_vEnvironmental applications.
942 _2lcc
_cPASS
999 _c278670
_d278670